[Event "Split op 12th"]
[Site "Split"]
[Date "2023.08.06"]
[Round "3"]
[White "Fang, Yan"]
[Black "Dejanovic, Mladen"]
[Result "1-0"]
[WhiteElo "2440"]
[BlackElo "2052"]
[PlyCount "63"]
[EventDate "2023.08.05"]
[EventType "swiss"]
[EventRounds "9"]
[EventCountry "CRO"]
[SourceTitle "CBM 215 Extra"]
[Source "ChessBase"]
[SourceDate "2023.09.30"]
[SourceVersion "1"]
[SourceVersionDate "2023.09.30"]
[SourceQuality "1"]

1. d4 d5 2. Bf4 e6 3. e3 Bd6 4. Bg3 Nf6 5. Nf3 Ne4 6. Nbd2 f5 7. Nxe4 fxe4 8. Ne5 0-0 9. f3 exf3 10. gxf3 Qf6 11. f4 c5 12. c3 cxd4 13. exd4 Bxe5 14. dxe5 Qh6 15. Bd3 Nc6 16. Qd2 a6 17. 0-0-0 b5 18. Rhg1 Ne7 19. Bf2 Nf5 20. Rg5 Bb7 21. Rdg1 Rf7 22. Bxf5 exf5 23. Bd4 Qe6 24. Qg2 g6 25. h4 Rg7 26. h5 Kf7 27. Qh3 Rgg8 28. hxg6+ hxg6 29. Rxg6 Qxg6 30. e6+ Kxe6 31. Rxg6+ Rxg6 32. Qh7 1-0

[Event "Gradiste op 1st"]
[Site "Gradiste"]
[Date "2019.06.26"]
[Round "5"]
[White "Voiska, Margarita"]
[Black "Dejanovic, Mladen"]
[Result "1-0"]
[WhiteElo "2218"]
[BlackElo "2063"]
[PlyCount "67"]
[EventDate "2019.06.24"]
[EventType "swiss"]
[EventRounds "9"]
[EventCountry "CRO"]
[SourceTitle "EXT 2020"]
[Source "ChessBase"]
[SourceDate "2019.10.17"]
[SourceVersion "1"]
[SourceVersionDate "2019.10.17"]
[SourceQuality "1"]

1. d4 d5 2. Nf3 Nf6 3. g3 b6 4. Bg2 Bb7 5. 0-0 e6 6. c4 Nbd7 7. Nc3 c6 8. Nd2 Be7 9. e4 dxe4 10. Ndxe4 0-0 11. Qa4 Nxe4 12. Nxe4 Nf6 13. Be3 Qc8 14. Rad1 Rd8 15. Qc2 Nxe4 16. Bxe4 g6 17. h4 f5 18. Bg2 Bf6 19. Bg5 Rf8 20. Rfe1 Qd7 21. Qe2 Rae8 22. Bxf6 Rxf6 23. Qe5 Qg7 24. d5 cxd5 25. cxd5 Bc8 26. d6 Bd7 27. Rc1 f4 28. Rc7 fxg3 29. fxg3 Rf7 30. Qxg7+ Rxg7 31. Rxa7 Bc8 32. Rxg7+ Kxg7 33. Bc6 Rd8 34. d7 1-0

[Event "Topusko Amateur op 6th"]
[Site "Topusko"]
[Date "2017.08.14"]
[Round "4"]
[White "Levacic, Matej"]
[Black "Dejanovic, Mladen"]
[Result "0-1"]
[WhiteElo "1674"]
[BlackElo "2027"]
[PlyCount "96"]
[EventDate "2017.08.12"]
[EventType "swiss"]
[EventRounds "9"]
[EventCountry "CRO"]
[SourceTitle "CBM 180 Extra"]
[Source "ChessBase"]
[SourceDate "2017.10.06"]
[SourceVersion "1"]
[SourceVersionDate "2017.10.06"]
[SourceQuality "1"]

1. d4 d5 2. Bf4 Nf6 3. e3 e6 4. Nf3 Bd6 5. Bg3 Ne4 6. Nbd2 f5 7. c4 c6 8. Bxd6 Qxd6 9. Ne5 Qb4 10. f3 Nf6 11. Qc2 Nbd7 12. a3 Qe7 13. Bd3 Nxe5 14. dxe5 Nd7 15. Qc3 Qg5 16. f4 Qxg2 17. 0-0-0 Qh3 18. cxd5 cxd5 19. Rdg1 g6 20. Rg3 Qh4 21. Nf3 Qe7 22. Nd4 a6 23. b4 Nb6 24. Kb1 Na4 25. Qc2 Bd7 26. Rc1 Kf7 27. Qc7 Rab8 28. Qd6 Rhc8 29. Rgg1 Rxc1+ 30. Rxc1 Rc8 31. Rc7 Qxd6 32. exd6 Rxc7 33. dxc7 Ke7 34. b5 a5 35. Nb3 b6 36. Nd4 Kd6 37. Ka2 Kxc7 38. Kb3 Nc5+ 39. Kc3 Kd6 40. Nf3 Nxd3 41. Kxd3 Bxb5+ 42. Kd4 Be8 43. Ng5 h6 44. Nh7 b5 45. Nf6 Bf7 46. h4 Ke7 47. Nh7 Bg8 48. Kc5 b4 0-1

[Event "Topusko Amateur op 6th"]
[Site "Topusko"]
[Date "2017.08.13"]
[Round "2"]
[White "Dejanovic, Mladen"]
[Black "Urbanc, Peter"]
[Result "0-1"]
[WhiteElo "2027"]
[BlackElo "2278"]
[PlyCount "82"]
[EventDate "2017.08.12"]
[EventType "swiss"]
[EventRounds "9"]
[EventCountry "CRO"]
[SourceTitle "CBM 180 Extra"]
[Source "ChessBase"]
[SourceDate "2017.10.06"]
[SourceVersion "1"]
[SourceVersionDate "2017.10.06"]
[SourceQuality "1"]

1. e4 b6 2. d4 Bb7 3. Nc3 e6 4. Nf3 Bb4 5. Bd3 Nf6 6. Bg5 h6 7. Bxf6 Qxf6 8. 0-0 Bxc3 9. bxc3 0-0 10. c4 d6 11. c3 c5 12. Rc1 cxd4 13. cxd4 Nc6 14. Bb1 Rac8 15. Re1 e5 16. d5 Na5 17. Bd3 Rc7 18. Nd2 Rfc8 19. a4 Ba6 20. Qe2 Qe7 21. Rc3 Qd7 22. Ra1 Rc5 23. g3 R8c7 24. f4 Qe8 25. f5 Bc8 26. Nb3 Nxb3 27. Rxb3 Bd7 28. Rba3 Ra5 29. Bc2 Qc8 30. Bb3 f6 31. h4 Be8 32. g4 b5 33. cxb5 Bxb5 34. Qd2 Rc3 35. axb5 Rxa3 36. Rxa3 Rc1+ 37. Bd1 Qc5+ 38. Qe3 Rxd1+ 39. Kg2 Qc2+ 40. Kg3 Rh1 41. Qf2 Rh3+ 0-1

[Event "Topusko op 5th"]
[Site "Topusko"]
[Date "2016.08.11"]
[Round "7"]
[White "Dejanovic, Mladen"]
[Black "Jelecevic, Ivo"]
[Result "1/2-1/2"]
[WhiteElo "2021"]
[BlackElo "2152"]
[PlyCount "111"]
[EventDate "2016.08.06"]
[EventType "swiss"]
[EventRounds "9"]
[EventCountry "CRO"]
[SourceTitle "CBM 173 Extra"]
[Source "ChessBase"]
[SourceDate "2016.08.29"]
[SourceVersion "1"]
[SourceVersionDate "2016.08.29"]
[SourceQuality "1"]

1. e4 c5 2. c3 Nf6 3. e5 Nd5 4. d4 cxd4 5. Nf3 d6 6. cxd4 Nc6 7. Bc4 Nb6 8. Bb5 Bd7 9. exd6 e6 10. Bg5 Qb8 11. Be7 Bxe7 12. dxe7 Nxe7 13. Bxd7+ Nxd7 14. Nc3 Qd6 15. 0-0 0-0 16. Qd3 Nd5 17. Rad1 N7f6 18. Ne5 Rfd8 19. f4 g6 20. g4 Nxc3 21. bxc3 Rac8 22. f5 exf5 23. gxf5 Rc7 24. Rf3 Nd5 25. fxg6 fxg6 26. Qd2 Rf8 27. Rdf1 Rxf3 28. Rxf3 b5 29. Qb2 a6 30. a4 Nxc3 31. Qb3+ Kg7 32. Rxc3 Qxd4+ 33. Re3 Re7 34. Kg2 Rxe5 35. Rxe5 Qxe5 36. axb5 axb5 37. Qb4 Qd5+ 38. Kg3 Kf7 39. Qf4+ Ke6 40. Qg4+ Qf5 41. Qb4 h5 42. Qb3+ Kf6 43. Kg2 Qe4+ 44. Kf2 Qf4+ 45. Kg2 b4 46. Qg8 Qe4+ 47. Kf2 Qc2+ 48. Kf3 b3 49. Qf8+ Ke5 50. Qe7+ Kd4 51. Qe3+ Kc4 52. Qe6+ Kc3 53. Qe5+ Kd2 54. Qe3+ Kd1 55. Qg1+ Kd2 56. Qe3+ 1/2-1/2

[Event "Topusko op 5th"]
[Site "Topusko"]
[Date "2016.08.07"]
[Round "2"]
[White "Dejanovic, Mladen"]
[Black "Scripcaru, George Daniel"]
[Result "1-0"]
[WhiteElo "2021"]
[BlackElo "2172"]
[PlyCount "100"]
[EventDate "2016.08.06"]
[EventType "swiss"]
[EventRounds "9"]
[EventCountry "CRO"]
[SourceTitle "CBM 173 Extra"]
[Source "ChessBase"]
[SourceDate "2016.08.29"]
[SourceVersion "1"]
[SourceVersionDate "2016.08.29"]
[SourceQuality "1"]

1. e4 e6 2. d4 d5 3. e5 c5 4. c3 Nc6 5. Nf3 Nh6 6. Bd3 Qb6 7. 0-0 Bd7 8. dxc5 Bxc5 9. Bxh6 gxh6 10. b4 Be7 11. Qc1 Bf8 12. Qf4 Bg7 13. Qg3 0-0 14. Nbd2 Qc7 15. Rfe1 a6 16. Nb3 Ne7 17. Nc5 Bc8 18. Rac1 b6 19. Nb3 Bb7 20. Nbd4 Rac8 21. h4 Nc6 22. Nxc6 Qxc6 23. Nd4 Qd7 24. Qg4 Rce8 25. Re3 Bc8 26. f4 f6 27. f5 fxe5 28. Nxe6 e4 29. Nxf8 Rxf8 30. Be2 Rxf5 31. Rg3 h5 32. Qh3 Qf7 33. Qh2 Kh8 34. Rg5 Be5 35. g3 h6 36. Bxh5 Qc7 37. Rxf5 Bxf5 38. Qf2 Be6 39. Kg2 Bg7 40. Qe3 Qe5 41. Be2 b5 42. Qf4 Qxf4 43. gxf4 Kg8 44. Kg3 d4 45. cxd4 Bxd4 46. Rc6 Bxa2 47. Rxa6 Bc4 48. Bxc4+ bxc4 49. Rxh6 Kf7 50. Rc6 c3 1-0

[Event "Topusko op 4th"]
[Site "Topusko"]
[Date "2015.08.07"]
[Round "8"]
[White "Veleski, Robert"]
[Black "Dejanovic, Mladen"]
[Result "1-0"]
[WhiteElo "2262"]
[BlackElo "2034"]
[PlyCount "73"]
[EventDate "2015.08.01"]
[EventType "swiss"]
[EventRounds "9"]
[EventCountry "CRO"]
[SourceTitle "CBM 167 Extra"]
[Source "ChessBase"]
[SourceDate "2015.09.14"]
[SourceVersion "1"]
[SourceVersionDate "2015.09.14"]
[SourceQuality "1"]

1. Nf3 Nf6 2. g3 d5 3. Bg2 e6 4. 0-0 Nbd7 5. d3 b6 6. c4 c6 7. cxd5 cxd5 8. Qa4 Bd6 9. Qc6 Qc7 10. Qxa8 0-0 11. Na3 Ba6 12. Qxf8+ Bxf8 13. Bf4 e5 14. Rfc1 Qb8 15. Nxe5 Nxe5 16. d4 Bd6 17. dxe5 Bxe5 18. Bxe5 Qxe5 19. Rc2 h5 20. Rd1 h4 21. Rcd2 hxg3 22. hxg3 g6 23. Nb1 Kg7 24. Nc3 Bb7 25. Rd4 Bc6 26. e3 a5 27. b3 Ng4 28. Rxg4 Qxc3 29. Rgd4 Bd7 30. Bxd5 Bf5 31. Rc4 Qe5 32. Rdd4 g5 33. Rc6 Qb8 34. Bf3 Qa7 35. Rd5 g4 36. Rxf5 gxf3 37. Rcf6 1-0

[Event "Topusko op 4th"]
[Site "Topusko"]
[Date "2015.08.02"]
[Round "3"]
[White "Dasic, Lana"]
[Black "Dejanovic, Mladen"]
[Result "0-1"]
[WhiteElo "1614"]
[BlackElo "2034"]
[PlyCount "94"]
[EventDate "2015.08.01"]
[EventType "swiss"]
[EventRounds "9"]
[EventCountry "CRO"]
[SourceTitle "CBM 167 Extra"]
[Source "ChessBase"]
[SourceDate "2015.09.14"]
[SourceVersion "1"]
[SourceVersionDate "2015.09.14"]
[SourceQuality "1"]

1. e4 c6 2. d4 d5 3. exd5 cxd5 4. Bd3 e6 5. c3 Bd6 6. Nf3 Nc6 7. Be3 Bd7 8. Nbd2 Nf6 9. Nf1 Rc8 10. Ng3 a6 11. Qd2 b5 12. Bf4 Bxf4 13. Qxf4 h6 14. Ne5 0-0 15. 0-0 Qc7 16. Rfe1 Be8 17. Qe3 Na5 18. f4 Nc4 19. Bxc4 bxc4 20. f5 exf5 21. Nxf5 Ne4 22. Ng3 Nxg3 23. Qxg3 f6 24. Ng6 Qxg3 25. Ne7+ Kf7 26. hxg3 Rd8 27. Nf5 Kg6 28. Nh4+ Kh7 29. Re6 a5 30. b3 Rc8 31. Ra6 cxb3 32. axb3 Rxc3 33. R6xa5 Rxb3 34. Rxd5 Rxg3 35. Rd8 Rg4 36. Nf3 Rg8 37. Kf2 Bc6 38. Rxg8 Kxg8 39. Rd1 Bxf3 40. Kxf3 Rg5 41. d5 Kf7 42. g4 Ke7 43. d6+ Kd7 44. Kf4 Rc5 45. Rd4 h5 46. gxh5 Rxh5 47. Kg4 Rc5 0-1

[Event "Topusko op 4th"]
[Site "Topusko"]
[Date "2015.08.02"]
[Round "2"]
[White "Dejanovic, Mladen"]
[Black "Vidmar, Klara"]
[Result "1-0"]
[WhiteElo "2034"]
[BlackElo "1452"]
[PlyCount "25"]
[EventDate "2015.08.01"]
[EventType "swiss"]
[EventRounds "9"]
[EventCountry "CRO"]
[SourceTitle "CBM 167 Extra"]
[Source "ChessBase"]
[SourceDate "2015.09.14"]
[SourceVersion "1"]
[SourceVersionDate "2015.09.14"]
[SourceQuality "1"]

1. e4 c5 2. c3 d5 3. exd5 Qxd5 4. d4 Nf6 5. Nf3 Bg4 6. Nbd2 cxd4 7. cxd4 Nc6 8. Bc4 Qd8 9. Qb3 e6 10. Qxb7 Nb4 11. Bb5+ Nd7 12. Bxd7+ Qxd7 13. Qxa8+ 1-0

[Event "Topusko op 4th"]
[Site "Topusko"]
[Date "2015.08.01"]
[Round "1"]
[White "Krmpotic, Klara"]
[Black "Dejanovic, Mladen"]
[Result "1/2-1/2"]
[WhiteElo "1561"]
[BlackElo "2034"]
[PlyCount "117"]
[EventDate "2015.08.01"]
[EventType "swiss"]
[EventRounds "9"]
[EventCountry "CRO"]
[SourceTitle "CBM 167 Extra"]
[Source "ChessBase"]
[SourceDate "2015.09.14"]
[SourceVersion "1"]
[SourceVersionDate "2015.09.14"]
[SourceQuality "1"]

1. d4 d5 2. c4 c6 3. Nf3 Nf6 4. Nc3 e6 5. Bg5 Be7 6. cxd5 exd5 7. e3 0-0 8. Qc2 Nh5 9. Bxe7 Qxe7 10. Be2 g6 11. 0-0 Nf6 12. a3 Bf5 13. Bd3 Bxd3 14. Qxd3 Nbd7 15. Rfc1 Ne4 16. b4 a6 17. Rab1 Nb6 18. Nd2 f5 19. Ne2 Rae8 20. Nxe4 fxe4 21. Qc2 Nc4 22. Qa2 b5 23. Ng3 Qf6 24. Rc2 Qd6 25. Re2 Ra8 26. Qb3 Qf6 27. Ra1 h5 28. Nf1 h4 29. h3 a5 30. Raa2 a4 31. Qb1 Ra7 32. Qc1 Raf7 33. Nh2 Qe6 34. Ng4 Kg7 35. Rec2 Rc8 36. Rc3 Rf5 37. Rac2 Rcf8 38. Ra2 Rg5 39. Qd1 Rc8 40. Rac2 Nb6 41. Kh1 Nc4 42. Kg1 Kf8 43. Kh1 Ke7 44. Rc1 Kd7 45. R1c2 Kc7 46. Rc1 Kb7 47. R1c2 Kb6 48. Rc1 Nb2 49. Qe2 Nd3 50. R1c2 Kb7 51. Qd1 Qd7 52. Kg1 Qf7 53. Ra2 Rf8 54. Rcc2 Qe6 55. Rc3 Rgf5 56. Rcc2 Qd6 57. Qf1 Qg3 58. Re2 Qd6 59. Rec2 1/2-1/2

[Event "CRO-chT2 Center 22nd"]
[Site "Sisak"]
[Date "2013.10.13"]
[Round "9.6"]
[White "Dejanovic, Mladen"]
[Black "Garac, Marijan"]
[Result "1-0"]
[WhiteElo "2093"]
[BlackElo "1929"]
[PlyCount "100"]
[EventDate "2013.04.14"]
[EventType "team-tourn"]
[EventRounds "11"]
[EventCountry "CRO"]
[SourceTitle "EXT 2016"]
[Source "ChessBase"]
[SourceDate "2015.10.08"]
[SourceVersion "1"]
[SourceVersionDate "2015.10.08"]
[SourceQuality "1"]

1. e4 c5 2. c3 e6 3. d4 cxd4 4. cxd4 Nf6 5. Nc3 d6 6. Nf3 a6 7. Bd3 Be7 8. 0-0 0-0 9. Qc2 h6 10. Be3 b5 11. Qd2 Nh7 12. e5 Bb7 13. Qc2 Ng5 14. Nxg5 hxg5 15. Rad1 Nc6 16. Qe2 g6 17. exd6 Bxd6 18. Ne4 Be7 19. Nc5 Bxc5 20. dxc5 Qe7 21. Qd2 f6 22. Bxg6 Qg7 23. Qd7 Nd8 24. Qxg7+ Kxg7 25. Bh5 Bd5 26. a3 Rh8 27. Be2 Nc6 28. f3 Rh6 29. f4 Rah8 30. h3 gxf4 31. Bxf4 Rg6 32. Bf3 Ne7 33. Kh2 Bxf3 34. Rxf3 Nd5 35. Bd6 Kf7 36. Rg3 Rxg3 37. Bxg3 Ke7 38. Rd4 Kd7 39. Be1 Kc6 40. b4 e5 41. Re4 Rg8 42. g4 Rh8 43. Bd2 Re8 44. Kg3 Nc7 45. Bh6 Nd5 46. h4 Nc3 47. Re3 Nd5 48. Re1 Nc3 49. h5 Nd5 50. Bg7 Nf4 1-0

[Event "Topusko op 2nd"]
[Site "Topusko"]
[Date "2013.08.05"]
[Round "3"]
[White "Ranogajec, Borislav"]
[Black "Dejanovic, Mladen"]
[Result "1-0"]
[WhiteElo "1973"]
[BlackElo "2103"]
[PlyCount "133"]
[EventDate "2013.08.03"]
[EventType "swiss"]
[EventRounds "7"]
[EventCountry "CRO"]
[SourceTitle "CBM 155 Extra"]
[Source "ChessBase"]
[SourceDate "2013.08.26"]
[SourceVersion "1"]
[SourceVersionDate "2013.08.26"]
[SourceQuality "1"]

1. e4 c6 2. d4 d5 3. exd5 cxd5 4. Nf3 Nc6 5. c3 Nf6 6. Bd3 Bg4 7. h3 Bh5 8. 0-0 e6 9. Bg5 Be7 10. Nbd2 0-0 11. Re1 Rc8 12. Rc1 a6 13. a4 Nd7 14. Bxe7 Qxe7 15. Be2 Bg6 16. Nf1 Rfd8 17. Ne3 Nf6 18. Bd3 Bh5 19. Nf5 Qd7 20. Ng3 Bxf3 21. Qxf3 Ne7 22. Bc2 Ng6 23. Re3 Rc7 24. Rce1 Rdc8 25. Nh5 Ne8 26. Qe2 Nd6 27. f4 b5 28. axb5 axb5 29. Bd3 Rb8 30. g4 Rcc8 31. Qf3 Qd8 32. f5 exf5 33. gxf5 Qg5+ 34. Qg4 Qxg4+ 35. hxg4 Nf8 36. Nf4 Nc4 37. Bxc4 dxc4 38. Nd5 Kh8 39. Re7 Rd8 40. Nb4 Rd7 41. Nc6 Rxe7 42. Rxe7 Rc8 43. Na7 Rb8 44. Rxf7 Kg8 45. Re7 h6 46. Kf2 Nh7 47. Rc7 Nf6 48. Kf3 Kf8 49. Rc5 b4 50. Rxc4 bxc3 51. bxc3 Rb1 52. Nc6 Rf1+ 53. Ke2 Nxg4 54. Kxf1 Ne3+ 55. Kf2 Nxc4 56. Kf3 Ke8 57. Kf4 Nd6 58. Ne5 Ke7 59. c4 Kf6 60. Ng4+ Ke7 61. c5 Nb5 62. d5 Nd4 63. d6+ Kd8 64. Ne5 Nb5 65. Kg4 Nc3 66. c6 Ne4 67. Nf7+ 1-0

[Event "Topusko op 2nd"]
[Site "Topusko"]
[Date "2013.08.04"]
[Round "2"]
[White "Dejanovic, Mladen"]
[Black "Amon, Nejc"]
[Result "1/2-1/2"]
[WhiteElo "2103"]
[BlackElo "1783"]
[PlyCount "110"]
[EventDate "2013.08.03"]
[EventType "swiss"]
[EventRounds "7"]
[EventCountry "CRO"]
[SourceTitle "CBM 155 Extra"]
[Source "ChessBase"]
[SourceDate "2013.08.26"]
[SourceVersion "1"]
[SourceVersionDate "2013.08.26"]
[SourceQuality "1"]

1. e4 e5 2. Nf3 Nc6 3. Bb5 Nge7 4. c3 g6 5. d4 exd4 6. cxd4 Bg7 7. 0-0 a6 8. Ba4 b5 9. Bb3 0-0 10. Nc3 d6 11. h3 Bb7 12. Bg5 Qd7 13. Re1 Na5 14. Bc2 Rac8 15. b4 Nc4 16. Rc1 d5 17. e5 Nc6 18. Rb1 Na3 19. Rb3 Nxc2 20. Qxc2 Rce8 21. Qd2 f6 22. exf6 Rxe1+ 23. Nxe1 Bxf6 24. Bxf6 Rxf6 25. Ne2 Qe7 26. a3 Re6 27. Re3 Rxe3 28. fxe3 Nd8 29. Nd3 Nf7 30. Nc5 Nd6 31. Qd3 c6 32. Ng3 Bc8 33. e4 dxe4 34. Ncxe4 Bf5 35. Nxf5 Nxf5 36. d5 cxd5 37. Qxd5+ Kg7 38. Qc6 Qe5 39. Qc3 Qxc3 40. Nxc3 Kf6 41. Nd5+ Ke5 42. Nc7 Nd4 43. Nxa6 Nc2 44. Kf2 Kd4 45. Kf3 Nxa3 46. Kf4 h6 47. Nc7 Kc4 48. Ke5 Kxb4 49. Kf6 Kc4 50. Nxb5 Nxb5 51. Kxg6 Kd5 52. Kxh6 Ke6 53. Kg6 Nd4 54. g4 Nf3 55. g5 Nxg5 1/2-1/2

[Event "CRO-chT2 Center 22nd"]
[Site "Sisak"]
[Date "2013.04.14"]
[Round "1.26"]
[White "Dejanovic, Mladen"]
[Black "Margeta, Zeljko"]
[Result "1/2-1/2"]
[WhiteElo "2093"]
[BlackElo "2048"]
[PlyCount "83"]
[EventDate "2013.04.14"]
[EventType "team-tourn"]
[EventRounds "11"]
[EventCountry "CRO"]
[SourceTitle "EXT 2016"]
[Source "ChessBase"]
[SourceDate "2015.10.08"]
[SourceVersion "1"]
[SourceVersionDate "2015.10.08"]
[SourceQuality "1"]

1. e4 c5 2. c3 d5 3. exd5 Qxd5 4. d4 Nf6 5. Nf3 Nc6 6. Be2 e6 7. 0-0 Be7 8. dxc5 Bxc5 9. Qxd5 Nxd5 10. b4 Be7 11. b5 Nb8 12. a4 Nd7 13. Nd4 Bf6 14. Rd1 Nc5 15. Bb2 Bxd4 16. cxd4 Nd7 17. Na3 0-0 18. Nc4 N7f6 19. Rac1 Rd8 20. Ba3 Bd7 21. Nd6 Rdb8 22. Bf3 a6 23. Rd3 axb5 24. axb5 Ra4 25. Rb3 g5 26. g3 g4 27. Be2 Kg7 28. f3 h5 29. Rf1 Rba8 30. Bb2 b6 31. fxg4 hxg4 32. Bxg4 Bxb5 33. Rxf6 Nxf6 34. d5 Ra1+ 35. Bxa1 Rxa1+ 36. Kg2 Bf1+ 37. Kf3 Nxd5 38. Kf2 Ba6 39. Bf3 Ra2+ 40. Kg1 Ra1+ 41. Kf2 Ra2+ 42. Kg1 1/2-1/2

[Event "Bosnjaci op 18th"]
[Site "Bosnjaci"]
[Date "2013.01.04"]
[Round "2"]
[White "Plenkovic, Zdenko"]
[Black "Dejanovic, Mladen"]
[Result "1-0"]
[WhiteElo "2380"]
[BlackElo "2092"]
[PlyCount "63"]
[EventDate "2013.01.03"]
[EventType "swiss"]
[EventRounds "9"]
[EventCountry "CRO"]
[SourceTitle "CBM 152 Extra"]
[Source "ChessBase"]
[SourceDate "2013.02.25"]
[SourceVersion "1"]
[SourceVersionDate "2013.02.25"]
[SourceQuality "1"]

1. e4 e5 2. Nf3 Nc6 3. Nc3 Nf6 4. Be2 d6 5. d4 Bg4 6. d5 Bxf3 7. Bxf3 Nd4 8. Be3 Nxf3+ 9. Qxf3 Qd7 10. h3 Be7 11. Qe2 0-0 12. g4 c6 13. g5 Ne8 14. 0-0-0 Nc7 15. h4 f5 16. f4 exf4 17. Bxf4 fxe4 18. Qxe4 Rae8 19. dxc6 bxc6 20. Qc4+ Kh8 21. Bg3 Ne6 22. Rhe1 d5 23. Nxd5 cxd5 24. Rxd5 Qb7 25. Rxe6 Rc8 26. Qb5 Rf1+ 27. Qxf1 Qxd5 28. Rxe7 Rd8 29. Qe2 Qh1+ 30. Be1 Qc6 31. Bc3 Qh1+ 32. Qe1 1-0

[Event "Velika Gorica op 10th"]
[Site "Velika Gorica"]
[Date "2012.08.24"]
[Round "5"]
[White "Matana, Zoran"]
[Black "Dejanovic, Mladen"]
[Result "1/2-1/2"]
[WhiteElo "1878"]
[BlackElo "2125"]
[PlyCount "122"]
[EventDate "2012.08.20"]
[EventType "swiss"]
[EventRounds "9"]
[EventCountry "CRO"]
[SourceTitle "CBM 150 Extra"]
[Source "ChessBase"]
[SourceDate "2012.10.19"]
[SourceVersion "1"]
[SourceVersionDate "2012.10.19"]
[SourceQuality "1"]

1. d4 d5 2. c4 e6 3. Nc3 Nf6 4. a3 c6 5. e3 Nbd7 6. f4 b6 7. Qb3 Bd6 8. Nf3 0-0 9. Bd3 Bb7 10. c5 Bc7 11. 0-0 Qc8 12. cxb6 axb6 13. Ne5 Rb8 14. Qd1 c5 15. Nb5 Ne4 16. Na7 Qe8 17. Bb5 Bxe5 18. fxe5 f5 19. Bd3 Qg6 20. Nb5 Ba6 21. Nc3 Bxd3 22. Qxd3 c4 23. Qc2 b5 24. Nxe4 fxe4 25. Bd2 Qg5 26. Rae1 Rxf1+ 27. Rxf1 Rf8 28. Qc1 Rxf1+ 29. Kxf1 Qh5 30. h3 Nf8 31. Qc2 Qf5+ 32. Kg1 g5 33. b4 g4 34. hxg4 Qxg4 35. Be1 h5 36. a4 bxa4 37. b5 a3 38. b6 Qg7 39. Bb4 Qb7 40. Qf2 Nh7 41. Qg3+ Kf7 42. Bxa3 Qxb6 43. Qh4 Qa7 44. Qxh5+ Kg7 45. Qg4+ Kh8 46. Bd6 Qf7 47. Qh4 Kg7 48. Bb4 Kg6 49. Be1 Ng5 50. Bg3 Qf5 51. Bf4 c3 52. Qe1 c2 53. Qc1 Qg4 54. Qxc2 Nh3+ 55. Kf1 Nxf4 56. exf4 Qxf4+ 57. Ke2 Kh5 58. Qc3 Qg4+ 59. Kf2 Qf4+ 60. Ke2 Kg5 61. Qa3 Qg4+ 1/2-1/2

[Event "Velika Gorica op 10th"]
[Site "Velika Gorica"]
[Date "2012.08.21"]
[Round "2"]
[White "Jurkovic, Ante"]
[Black "Dejanovic, Mladen"]
[Result "1-0"]
[WhiteElo "2339"]
[BlackElo "2125"]
[PlyCount "73"]
[EventDate "2012.08.20"]
[EventType "swiss"]
[EventRounds "9"]
[EventCountry "CRO"]
[SourceTitle "CBM 150 Extra"]
[Source "ChessBase"]
[SourceDate "2012.10.19"]
[SourceVersion "1"]
[SourceVersionDate "2012.10.19"]
[SourceQuality "1"]

1. e4 c6 2. d3 d5 3. Nd2 e6 4. Ngf3 Nd7 5. g3 dxe4 6. dxe4 Qa5 7. c3 b5 8. a4 b4 9. Nc4 Qc7 10. Bf4 Qb7 11. Bd6 c5 12. Bd3 Qc6 13. Bxf8 Kxf8 14. 0-0 bxc3 15. bxc3 Ngf6 16. Re1 Qc7 17. e5 Ng4 18. h3 Nh6 19. Ng5 Nb6 20. Nd6 Nd5 21. Qf3 Rb8 22. Bc4 Qe7 23. h4 Nb6 24. Nxc8 Rxc8 25. Bxe6 Re8 26. a5 Nd7 27. Rad1 Nb8 28. Bc4 g6 29. Rb1 Kg7 30. Rb7 Nd7 31. e6 f6 32. Rd1 Ne5 33. Rxe7+ Rxe7 34. Qe4 Nxc4 35. Qxc4 fxg5 36. Qxc5 Rhe8 37. Rd7 1-0

[Event "CRO-chT2 Center"]
[Site "Croatia"]
[Date "2011.10.16"]
[Round "9.25"]
[White "Dejanovic, Mladen"]
[Black "Gabre, Zeljko"]
[Result "0-1"]
[WhiteElo "2095"]
[BlackElo "2117"]
[PlyCount "49"]
[EventDate "2011.03.20"]
[EventType "team-tourn"]
[EventRounds "11"]
[EventCountry "CRO"]
[SourceTitle "EXT 2014"]
[Source "ChessBase"]
[SourceDate "2013.11.20"]
[SourceVersion "1"]
[SourceVersionDate "2013.11.20"]
[SourceQuality "1"]

1. e4 g6 2. d4 Bg7 3. Nf3 d6 4. Bd3 Nf6 5. 0-0 0-0 6. c3 Bg4 7. h3 Bxf3 8. Qxf3 Nc6 9. Bg5 h6 10. Be3 e5 11. d5 Nb8 12. c4 b6 13. Nc3 Nbd7 14. Bc2 Nh7 15. Qg3 Kh8 16. a4 f5 17. Qxg6 f4 18. Bd2 Rg8 19. Qh5 Bf6 20. Kh2 Bg5 21. Qf3 Ndf6 22. Rg1 Bh4 23. g3 Ng5 24. Qg2 f3 25. Qf1 0-1

[Event "CRO-chT2 Center"]
[Site "Croatia"]
[Date "2011.04.03"]
[Round "6.45"]
[White "Jakupec, Denis"]
[Black "Dejanovic, Mladen"]
[Result "1/2-1/2"]
[WhiteElo "2091"]
[BlackElo "2095"]
[PlyCount "47"]
[EventDate "2011.03.20"]
[EventType "team-tourn"]
[EventRounds "11"]
[EventCountry "CRO"]
[SourceTitle "EXT 2014"]
[Source "ChessBase"]
[SourceDate "2013.11.20"]
[SourceVersion "1"]
[SourceVersionDate "2013.11.20"]
[SourceQuality "1"]

1. d4 Nf6 2. Nf3 e6 3. c4 b6 4. a3 Bb7 5. Nc3 d5 6. cxd5 exd5 7. g3 Bd6 8. Bg2 Nbd7 9. 0-0 c6 10. Nh4 g6 11. e4 dxe4 12. Nxe4 Nxe4 13. Bxe4 0-0 14. Be3 Nf6 15. Bg2 Nd5 16. Bh6 Re8 17. Qd2 Be7 18. Nf3 Bf6 19. Rac1 Qd6 20. Rfe1 Re7 21. Rxe7 Bxe7 22. Ne5 f6 23. Nc4 Qd7 24. Ne3 1/2-1/2

[Event "CRO-chT2 Center"]
[Site "Croatia"]
[Date "2011.03.27"]
[Round "3.55"]
[White "Dejanovic, Mladen"]
[Black "Horvat, David"]
[Result "1-0"]
[WhiteElo "2095"]
[BlackElo "2102"]
[PlyCount "59"]
[EventDate "2011.03.20"]
[EventType "team-tourn"]
[EventRounds "11"]
[EventCountry "CRO"]
[SourceTitle "EXT 2014"]
[Source "ChessBase"]
[SourceDate "2013.11.20"]
[SourceVersion "1"]
[SourceVersionDate "2013.11.20"]
[SourceQuality "1"]

1. e4 c5 2. c3 d5 3. exd5 Qxd5 4. d4 g6 5. Be3 cxd4 6. cxd4 Nf6 7. Nc3 Qa5 8. Bc4 Bg7 9. Nf3 0-0 10. 0-0 Nbd7 11. Qd2 Nb6 12. Bb3 Qh5 13. Ne5 Ng4 14. Nxg4 Bxg4 15. Ne4 Qb5 16. Rac1 Rac8 17. Nc5 e5 18. d5 Rb8 19. h3 Bc8 20. a4 Qe8 21. a5 Nd7 22. Nxd7 Bxd7 23. Bxa7 Ra8 24. Bc5 f5 25. Bxf8 Qxf8 26. Rc7 Qd8 27. Rxb7 e4 28. d6+ Kh8 29. Qd5 Qc8 30. Rxd7 1-0